Un impuesto al valor agregado para Argentina (Registro nro. 1031)
[ vista simple ]
| 000 -LEADER | |
|---|---|
| fixed length control field | 01220 a2200205 4500 |
| 001 - CONTROL NUMBER | |
| control field | 22513 |
| 005 - DATE AND TIME OF LATEST TRANSACTION | |
| control field | 20260407155516.0 |
| 008 - FIXED-LENGTH DATA ELEMENTS--GENERAL INFORMATION | |
| fixed length control field | 260407a1973 arg spa d |
| 003 - CONTROL NUMBER IDENTIFIER | |
| control field | AR-UNSa-BCEJYS |
| 040 ## - CATALOGING SOURCE | |
| Original cataloging agency | AR-UNSa-BCEJYS |
| Language of cataloging | spa |
| Transcribing agency | AR-UNSa-BCEJYS |
| 080 ## - UNIVERSAL DECIMAL CLASSIFICATION NUMBER | |
| Universal Decimal Classification number | 336.226.3 |
| Common auxiliary subdivision | Impuestos por el uso de los ingresos. Impuestos al consumo. IVA |
| 100 1# - MAIN ENTRY--PERSONAL NAME | |
| Personal name | Pavesi, Pedro F.J. |
| 245 10 - TITLE STATEMENT | |
| Title | Un impuesto al valor agregado para Argentina |
| 264 #1 - PRODUCTION, PUBLICATION, DISTRIBUTION, MANUFACTURE, AND COPYRIGHT NOTICE | |
| Place of production, publication, distribution, manufacture | Buenos Aires : |
| Name of producer, publisher, distributor, manufacturer | El Ateneo |
| Date of production, publication, distribution, manufacture, or copyright notice | 1973 |
| 300 ## - PHYSICAL DESCRIPTION | |
| Extent | 140 p. |
| Dimensions | 19 cm. |
| 505 ## - FORMATTED CONTENTS NOTE | |
| Formatted contents note | 1. Introducción - 2. Mecanismo del IVA - 3. El IVA en la inversión privada - 4. Neutralidad frente a la integración vertical - 5. El IVA y el nivel de precios - 6. El papel del IVA en la armonización fiscal del mercado común Europeo - 7. La atenativa del impuesto en suspenso - 8. Tasas del gravamen - 9. Los contribuyentes del IVA - 10. Rcaudación - 11. Fiscalización - 12. Procesamiento masivo de datos - 12. Procesamiento masivo de datos - 13. Preparación y lanzamiento - 14. El impuesto provincial a las actividades lucrativas - 15. Evaluación de los enfoques del IVA - 16. Conclusiones - Anexos. |
| 590 ## - LOCAL NOTE (RLIN) | |
| Local note | niveau_biblio:m niveau_hierar:0 |
| 700 1# - ADDED ENTRY--PERSONAL NAME | |
| Personal name | Macon, Jorge |
| 942 ## - ADDED ENTRY ELEMENTS (KOHA) | |
| Koha item type | |
| Withdrawn status | Lost status | Damaged status | Not for loan | Home library | Current library | Shelving location | Date acquired | Total checkouts | Full call number | Barcode | Date last seen | Price effective from | Koha item type |
|---|---|---|---|---|---|---|---|---|---|---|---|---|---|
| Biblioteca Prof. Eusebio Cleto del Rey | Biblioteca Prof. Eusebio Cleto del Rey | 07/04/2026 | 336.226.3 M171 | L33683 | 07/04/2026 | 07/04/2026 | Libro |